000 00274nam a22001217a 4500
008 150813t xxu||||| |||| 00| 0 eng d
020 _a81-7754-382-2
082 _a631
100 _aTanuja Singh
_91022
245 _aBiofertilizer Technology
300 _a389
942 _2ddc
_cBK
999 _c17292
_d17292